| 000 | 00324nam a22001337a 4500 | ||
|---|---|---|---|
| 003 | OSt | ||
| 005 | 20170105103446.0 | ||
| 008 | 131129t xxu||||| |||| 00| 0 eng d | ||
| 020 | _a978-0-07-460277-5 | ||
| 040 |
_aASAB _bASAB _cASAB |
||
| 100 |
_aS. Narayanaswamy _9345 |
||
| 245 | _aPlant cell and tissue culture | ||
| 942 |
_2ddc _cBK |
||
| 999 |
_c16614 _d16614 |
||